000 01852cam a22004694i 4500
003 PE-LiUPU
005 20250731172937.0
008 150623s1994 miu rb 000 0 eng d
020 _a080281493X
035 _a(Sirsi) i9780802814937
040 _aPE-LiUPU
_bspa
_cPE-LiUPU
_erda
049 _aPRUA
082 0 4 _a234.161
_bB29
_221
100 1 _aBeasley-Murray, George Raymond,
_d1916-,
_eautor.
245 1 0 _aBaptism in the new testament /
_cGeorge Beasley-Murray.
264 1 _aMichigan :
_bWilliam B. Eerdmans Publishing Company,
_c1994.
300 _a422 páginas ;
_c21 centímetros
336 _atext
_2rdacontent
337 _aunmediated
_2rdamedia
338 _avolume
_2rdacarrier
504 _aIncluye bibliografía.
505 0 _aThe antecedents of christian baptism -- The foundation of christian baptism -- The emergence of christian baptism: the acts of the apostles -- The development of christian baptism in the apostolic writings -- The doctrine of christian baptism in the new testament -- The rise and significance of infant baptism -- Index.
526 _aSEG42
526 _aSEG41
526 _aSEG40
526 _aSEG39
526 _aP94
526 _aP87
526 _aP86
526 _aP85
526 _aP77
526 _aP76
526 _aP35
650 1 4 _aBautismo
_xEnseñanza bíblica.
630 0 4 _aBiblia.
_pN.T.
_xCrítica, interpretación, etc.
942 _2ddc
_cBOOK
949 _a234.161 B29
_wDEWEY
_c1
_i44439
_lCCODEBUL1
_mBUL
_r0
_sY
_tBOOK
_u2015-6-24
_xTEOLOGIA
_PP35
_0COMPRA
_o.STAFF. Colección Teología
994 _aC0
_bPEPRU
596 _a1
999 _a234.161 B29
_wDEWEY
_c21316
_i44439
_d21316
_f2021-11-10
_g5
_lCCODEBUL1
_mBUL
_p30.00
_q1
_r0
_sY
_tBOOK
_u2015-6-24
_xTEOLOGIA
_PP35
_0COMPRA
_o.STAFF. Colección Teología
980 _81
_gALBERTO SANCHEZ Responsable de Automatización